000 00780nam a2200253 i 4500
001 10337
003 ES-MaACL
005 20230906145852.0
007 t|
008 950508s1993 fr ||||1| fre d
020 _a2-02-015170-7
080 _a32(44)"19"
080 _a92:32(44)"19"
100 1 _aBazin, François.
_926748
245 1 4 _aLes Politocrates
_b: vie, moeurs et coutumes de la classe politique /
_cFrançois Bazin, Joseph Macé-Scaron.
260 _aParis :
_bSeuil,
_ccop. 1993.
300 _a321 p. ;
_c24 cm.
490 1 _aL'épreuve des faits
650 1 4 _aPolíticos franceses-
_yS.XX.
_916316
700 1 _aMacé-Scaron, Joseph.
_975133
830 0 _aL'épreuve des faits
_9178671
852 _aES-MaACL
_jL-17807
_bR.123026
999 _c10337
_d10337